Alphabetical Pokemon - Generation VI - Statistics

General Stats
  • This quiz has been taken 74 times
  • The average score is 62 of 72
Answer Stats
Type Pokemon % Correct
Steel/Ghost Aegislash
92%
Rock/Ice Amaura
92%
Ice Avalugg
92%
Ice Bergmite
92%
Fairy Aromatisse
88%
Rock/Ice Aurorus
88%
Rock/Water Barbaracle
88%
Rock/Water Binacle
88%
Fire Braixen
88%
Grass/Fighting Chesnaught
88%
Grass Chespin
88%
Electric/Fairy Dedenne
88%
Fire/Psychic Delphox
88%
Fairy Flabébé
88%
Fire/Flying Fletchinder
88%
Normal/Flying Fletchling
88%
Fairy Florges
88%
Water Froakie
88%
Water Frogadier
88%
Dragon Goodra
88%
Dragon Goomy
88%
Ghost/Grass Gourgeist
88%
Electric/Normal Heliolisk
88%
Electric/Normal Helioptile
88%
Steel/Fairy Klefki
88%
Fire/Normal Litleo
88%
Flying/Dragon Noibat
88%
Flying/Dragon Noivern
88%
Ghost/Grass Phantump
88%
Ghost/Grass Pumpkaboo
88%
Fire/Normal Pyroar
88%
Grass Quilladin
88%
Bug Scatterbug
88%
Poison/Water Skrelp
88%
Fairy Spritzee
88%
Fairy Sylveon
88%
Fire/Flying Talonflame
88%
Ghost/Grass Trevenant
88%
Fairy Xerneas
88%
Dark/Flying Yveltal
88%
Dragon/Ground Zygarde
88%
Normal Bunnelby
84%
Rock/Fairy Carbink
84%
Water Clauncher
84%
Water Clawitzer
84%
Rock/Fairy Diancie
84%
Steel/Ghost Doublade
84%
Poison/Dragon Dragalge
84%
Fire Fennekin
84%
Fairy Floette
84%
Normal Furfrou
84%
Grass Gogoat
84%
Water/Dark Greninja
84%
Steel/Ghost Honedge
84%
Dark/Psychic Inkay
84%
Psychic Meowstic
84%
Dragon Sliggoo
84%
Fairy Slurpuff
84%
Bug Spewpa
84%
Rock/Dragon Tyrantrum
84%
Bug/Flying Vivillon
84%
Fire/Water Volcanion
84%
Normal/Ground Diggersby
80%
Psychic Espurr
80%
Fighting/Flying Hawlucha
80%
Psychic/Ghost Hoopa
80%
Dark/Psychic Malamar
80%
Fighting Pancham
80%
Fighting/Dark Pangoro
80%
Fairy Swirlix
80%
Rock/Dragon Tyrunt
80%
Grass Skiddo
76%
No matching quizzes found
Score Distribution
Percent of People with Each Score
Percentile by Number Answered
Your Score History
You have not taken this quiz